| Record ID | ia:princeoftidess00conr |
| Source | Internet Archive |
| Download MARC XML | https://archive.org/download/princeoftidess00conr/princeoftidess00conr_marc.xml |
| Download MARC binary | https://www.archive.org/download/princeoftidess00conr/princeoftidess00conr_meta.mrc |
LEADER: 01359cam 2200313 a 4500
001 14105797
005 20091208150409.0
008 050912r20051986nyu 000 1 eng
906 $a7$bcbc$corigcop$d3$encip$f20$gy-gencatlg
925 0 $aacquire$b2 shelf copies$xpolicy default
955 $apv21 2005-09-12 z-processor to HLCD$clk07 2005-09-27; to subj. 2005-09-27;$dlh02 2005-10-27 to SL$elh36 2005-10-27 to Dewey$aaa29 2005-11-16$tre06 2009-12-08 cp. 2 to BCCD
010 $a 2005281884
020 $a0553381547 (pbk.)
040 $aDLC$cDLC$dDLC
043 $an-us-ny
050 00 $aPS3553.O5198$bP7 2005
082 00 $a813/.54$222
100 1 $aConroy, Pat.
245 14 $aThe prince of tides /$cPat Conroy.
250 $aDial Press Trade pbk. ed.
260 $aNew York :$bDial Press Trade Paperbacks,$c2005.
300 $a679 p. ;$c21 cm.
650 0 $aBrothers and sisters$vFiction.
651 0 $aNew York (N.Y.)$vFiction.
655 0 $aDomestic fiction.
856 42 $3Publisher description$uhttp://www.loc.gov/catdir/enhancements/fy0627/2005281884-d.html
856 41 $3Sample text$uhttp://www.loc.gov/catdir/enhancements/fy0627/2005281884-s.html
856 42 $3Contributor biographical information$uhttp://www.loc.gov/catdir/enhancements/fy0627/2005281884-b.html
952 $aLCCN 86010689 printed in book but used for a previous ed. pv21 2005-09-12